| 000 | 00482cam a22001931 4500 | ||
|---|---|---|---|
| 001 | sa 68005115 | ||
| 003 | DLC | ||
| 005 | 20260227112506.0 | ||
| 008 | 680310s1967 ii 000 1 eng | ||
| 010 | _asa 68005115 | ||
| 025 | _aPL480:I-E-9884 | ||
| 040 |
_aDLC _cDLC _dDLC |
||
| 050 | 0 | 0 |
_aPZ4.L4817 _bWi _aPR9499.3 |
| 100 | 1 | _aLee, Tung. | |
| 245 | 1 | 4 | _aThe wind obeys Lama Toru. |
| 260 |
_a[Bombay] _bKutub-Popular _c[1967] |
||
| 300 |
_axvi, 191 p. _c19 cm. |
||
| 350 | _aRs11 | ||
| 999 |
_c80530 _d80530 |
||